Geography Quiz

Random Geography or Asia Quiz
Score 0/7 Timer 02:30
2 Plays Today
% Correct
Ho Chi Minh City
91%
Bangkok
88.2%
Manila
88.1%
Singapore
87.7%
Jakarta
87%
Bandar Seri Begawan
84.8%
Kuala Lumpur
79.9%

You're not logged in!

Compare scores with friends on all Sporcle quizzes.
OR
Log In

Sporcle TV

Today on Sporcle TV


Watch our educational content, quiz creation guides, and fun videos on Sporcle TV.

Show Comments

Extras

Top Quizzes Today


Score Distribution

Paid Content

Your Account Isn't Verified!

In order to create a playlist on Sporcle, you need to verify the email address you used during registration. Go to your Sporcle Settings to finish the process.

Report this User

Report this user for behavior that violates our Community Guidelines.

Details: